000 00337nam a22001457a 4500
003 OSt
005 20220128132925.0
008 220128b |||||||| |||| 00| 0 eng d
020 _a0444892052
040 _cH U
082 _a621.38
100 _aSignal Processing
_929040
245 _aHand Book Of Statistics 10
942 _2ddc
_cBOOKS
_n0
999 _c28363
_d28363